4 Letter Cities - Statistics

General Stats
  • This quiz has been taken 50 times
  • The average score is 18 of 25
Answer Stats
Hint City % Correct
14) Capital of Ukraine Kyiv
100%
4) Capital of Switzerland Bern
96%
8) "Pleasant" city on the French Riviera Nice
96%
1) The Nobel Prize is awardedin the Nordic capital Oslo
96%
2) The "Eternal City" Rome
93%
15) City in NW Pennsylvania on a Great Lake of the same name Erie
91%
6) Ancient UK city built by the Romans for spas Bath
89%
18) This Nevada city is nicknamed the "biggestlittle city in the world" Reno
89%
16) Latvian capital and one of the largestBaltic cities Riga
89%
24) 2nd largest city in Ireland Cork
87%
13) Capital and largest city of Qatar Doha
83%
17) The Taj Mahal is located in this Indian city Agra
78%
7) Large French city at the junctionof the Rhone and Saone rivers Lyon
74%
20) Capital of the Maldives Male
74%
21) Capital of Fiji Suva
72%
3) This city is bordered by itsiconic lake, northern Italy Como
70%
23) Popular resort island in Indonesia, on theLesser Sunda islands Bali
67%
9) Capital of Togo Lome
67%
19) Home city of pop icon Michael Jackson Gary
59%
10) Large city in the Czech Republic,the hub of the South Moravian region Brno
54%
25) Central Polish city SW of Warsaw Lodz
54%
11) Large city in western Ukraine nearthe Polish border Lviv
54%
5) Baylor University is located in this Texas city Waco
54%
22) The last Blockbuster video store is located in this Oregon city Bend
41%
12) The largest city in NW Hungary,halfway between Budapest and Vienna Gyor
17%
No matching quizzes found
Score Distribution
Percent of People with Each Score
Percentile by Number Answered
Your Score History
You have not taken this quiz